| 000 | 00317cam a22001097a 4500 | ||
|---|---|---|---|
| 008 | 180718b1975 xxu||||| |||| 00| 0 eng d | ||
| 082 | _aW15x54 In2 | ||
| 245 | _aSpeeding ammonia to where it is wanted most | ||
| 260 |
_aNew Delhi _bIndian Farmers Fertiliser Cooperative Ltd _c1975 |
||
| 300 | _a185p. | ||
| 650 | _aAmmonia | ||
| 999 |
_c501391 _d501391 |
||